Niemieckie Landy - Quiz z Obrazkami - Statystyki

Ogólne statystyki
  • Ten quiz został rozwiązany 400 razy
  • Średni wynik to 9 z 16
Statystyki odpowiedzi
Obrazkowy Odpowiedź % Poprawnych
Bawaria
96%
Berlin
88%
Hamburg
80%
Saksonia
80%
Brandenburgia
67%
Brema
63%
Nadrenia Północna-Westfalia
52%
Meklemburgia-Pomorze Przednie
49%
Badenia-Wirtembergia
48%
Hesja
47%
Saara
47%
Szlezwik-Holsztyn
47%
Turyngia
47%
Dolna Saksonia
46%
Saksonia-Anhalt
42%
Nadrenia-Palatynat
29%
Nie znaleziono quizów pasujących do podanych kryteriów
Rozkład punktacji
Procent ludzi z każdym wynikiem
Percentyl według liczby udzielonych odpowiedzi
Twoja historia wyników
Nie rozwiązałeś tego quizu